000 00731nam a2200253Ia 4500
003 OSt
005 20220927111223.0
006 a|||||r|||| 00| 0
007 ta
008 220926b |||||||| |||| 00| 0 eng d
024 _a104549
037 _cReports
040 _aRTL
_cRTL
_beng
041 _2eng
_aeng
082 _a"z.243.N85t5, GD"
110 _a"PUNJAB, PLANNING (Deptt of-)."
_9381681
245 0 _aDraft
_b Seventh five year plan 1985-90 and annual plan
260 _aChandigarh
_bGovt Press India
_c1986
490 _v1985-86
650 _aGeneralia
700 _a"PUNJAB, PLANNING (Deptt of-)."
_9381682
942 _h"z.243.N85t5, GD"
_cCC
999 _c698847
_d698847